Institutiones Juris Hungarici Privati, Liber I. De Personis.

Bibliographic Details
Main Author: Kelemen, Emericus, 1745-1819 (Author)
Corporate Author: Tlačiareň Kráľovskej Uhorskej univerzity (Budapešť, Maďarsko) (Printer)
Format: Book
Language:Latin
PhysicalDescription:XVI, 483, [11] str. tab. 8° (21x14 cm)
Published: Budae Typis Regiae Scientiarum Univer. Hungaricae 1818
Edition:Editio secunda correctior, et auctior.
Subjects:

MARC

LEADER 00000cam a2200000 a 4500
001 vtls009868141
003 SK-MaSNL
005 20260301025756.0
008 251112s1818 hu j l 001 0dlat
015 |a SNBHFA1818 
035 |a (SVKBBclas03)vtls000258440 
040 |a SNK  |b slo  |c SNK  |e AACR2 
041 0 |a lat 
043 |a e-hu--- 
044 |a hu  |c HU 
072 7 |a 34  |x Právo  |2 konspekt 
072 7 |a 94(430/439)  |x Dejiny krajín strednej Európy  |2 konspekt 
072 7 |a 347  |x Súkromné právo  |2 konspekt 
080 |a 34  |2 2011 
080 |a 94(430/439)  |2 2011 
080 |a 094  |2 2011 
080 |a 347  |2 2011 
100 1 |a Kelemen, Emericus,  |d 1745-1819  |4 aut  |9 322391 
245 1 0 |a Institutiones Juris Hungarici Privati,  |n Liber I.  |p De Personis.  |c Quas Elucubratus Est Nobilis Hungarus Zaladiensis Emericus Kelemen J. U. Doctor, S. C. Et R. A. Majestatis Consiliarius, II. Comitatuum De Zala, Baranya Et Zagrab. Tabulae Judiciariae Sedrialis; Celeberrimi Item Instituti Georgici Kesztheliensis Honorarius Assessor, Nec Non In Regia Scientiarum Universitate Hungarica, Quae Pestini Est, Ejusdem Juris, Et Styli Curialis Professor Publicus Ordinarius, Ac Inclytae Facultatis Juridicae Senior Emeritus. 
250 |a Editio secunda correctior, et auctior. 
260 |a Budae  |b Typis Regiae Scientiarum Univer. Hungaricae  |c 1818 
300 |a XVI, 483, [11] str.  |b tab.  |c 8° (21x14 cm) 
500 |a Tabuľka rodostromu. 
500 |a Kolácia exemplára v ŠVKPO: xvi, 1-348, [2], 349-483, [13] strán, 8°, 21 x 13 cm 
500 |a Linky, tlačené poznámky pod čiarou, medzi strany 348-349 ako nečíslovaný list vložená tabuľka príbuzenstva 
504 |a Obsahuje bibliografické odkazy. 
504 |a Vecný a menný register, poznámky pod textom 
541 |c v správe ŠVK Banská Bystrica  |f Rímskokatolícky biskupský úrad Banská Bystrica 
546 |a Latinčina.  |b Antikva  |b Kurzíva 
561 |a Rukopisný provenienčný záznam na titulnej strane: E Bibliotheca V. Seminarii Neosol. Rukopisný záznam v maďarčine k dátumu 7. november 1847. 
561 |a Z knižnice Učenej spoločnosti malohontskej  |5 SNK ID 17246/1 D4 
561 |a Proveniencia: Peč.: nečitateľná okrúhla pečiatka - Štátna študijná knižnica v Prešove - Štátna vedecká knižnica v Prešove  |5 SVKPO: B 1787/I 
563 |a Väzba: pôvodná, kartón potiahnutý tmavohnedým máčaným papierom, na chrbte papierové štítky so staršími signatúrami  |5 SVKPO: B 1787/I 
650 0 7 |a staré tlače  |2 SNKPH  |9 51683 
650 0 7 |a súkromné právo  |2 SNKPH  |9 2244 
650 0 7 |a právo  |2 SNKPH  |9 976 
651 7 |a Uhorsko  |x dejiny  |2 SVKBBPH  |9 56334 
710 0 |a Tlačiareň Kráľovskej Uhorskej univerzity (Budapešť, Maďarsko)  |4 prt  |9 295662 
710 2 |a Biskupský seminár sv. Karola Boromejského.  |4 fmo  |9 320745 
710 2 |a Matica slovenská.  |b Miestny odbor Bratislava  |4 fmo  |9 178632 
710 2 |a Matica slovenská.  |b Slovenská národná knižnica  |4 fmo  |9 168374 
710 2 |a Učená spoločnosť malohontská  |4 fmo  |9 205374 
752 |a Maďarsko  |d Budapešť 
852 |a študovňa starých a vzácnych dokumentov  |b Seminárna knižnica 
852 |a snk  |b Historické fondy  |p ID 17246/1 D4 
852 |a SVKPO  |c Historické fondy  |p B 1787/I 
958 |a DF 
999 |c 573272  |d 575202 
952 |t MHC II.F.a.9  |a SNK  |b SNK  |c SNK_HF  |y PREZ  |7 0  |p 17A1301765  |o snkID 17246/1 D4  |i snk2018/23442  |8 5  |0 0  |1 0  |4 0  |d 2018-11-09  |l 0  |r 2026-02-23 14:23:28  |w 2026-02-23